El curriculum: más allá de la teoría de la reproducción

Gorde:
Xehetasun bibliografikoak
Egile nagusia: Kemmis, Stephen (Egilea)
Formatua: Liburua
Hizkuntza:gaztelania
Argitaratua: Madrid Morata 1988
Edizioa:1a. ed
Saila:Colección Pedagogía
Gaiak:
Etiketak: Etiketa erantsi
Etiketarik gabe, Izan zaitez lehena erregistro honi etiketa jartzen!

MARC

LEADER 00000cam a2200000 a 4500
001 UCW5641
003 CL-VaPUC
008 910715e19880000SP |||||||||||||||||spa|d
020 |a 8471123231 
082 0 4 |a 375  |b KEM  |2 21 
100 |a Kemmis, Stephen  |e author  |9 411334 
245 1 3 |a El curriculum: más allá de la teoría de la reproducción 
250 |a 1a. ed 
300 |a 173 p 
942 |c BK 
945 |d 19910715 00:00:00 
260 |a Madrid  |b Morata  |c 1988 
650 0 |a Educación  |9 258661 
650 0 |a Currículo  |9 307290 
583 |a last modification  |c 20151130 09:30:24  |k Rodrigo Vera 
490 0 |a Colección Pedagogía 
999 |c 218995  |d 218993 
952 |0 0  |1 0  |4 0  |6 375_000000000000000_KEM_1988  |7 0  |8 P  |9 209412  |a BIBEDU  |b BIBEDU  |c BIBEDU_PB  |d 2019-11-15  |i 2772906  |o 375 KEM 1988  |p 2772906  |r 2024-01-25  |w 2019-11-15  |y BK  |k EDU 
952 |0 0  |1 0  |2 ddc  |3 erb  |4 0  |6 375_000000000000000_KEM_1988  |7 0  |8 A  |9 209413  |a BIBCUR  |b BIBCUR  |i 5254043  |l 1  |o 375 KEM 1988  |p 5254043  |r 2022-08-02  |s 2022-04-21  |w 2019-11-15  |y BK  |z Catalogado en:20151204  |k EPE 
952 |0 0  |1 0  |3 erb  |4 0  |6 375_000000000000000_KEM_1988  |7 0  |8 P  |9 209414  |a BIBEDU  |b BIBEDU  |c BIBEDU_PB  |i 5254051  |l 2  |m 1  |o 375 KEM 1988  |p 5254051  |r 2024-04-09  |s 2024-03-26  |w 2019-11-15  |y BK  |z Catalogado en:20151204  |k EPE 
952 |0 0  |1 0  |3 erb  |4 0  |6 375_000000000000000_KEM_1988  |7 0  |8 P  |9 209415  |a BIBEDU  |b BIBEDU  |c BIBEDU_PB  |i 525406K  |l 1  |o 375 KEM 1988  |p 525406K  |r 2024-01-25  |s 2022-09-01  |w 2019-11-15  |y BK  |z Catalogado en:20151204  |k EPE 
952 |0 0  |1 0  |3 erb  |4 0  |6 375_000000000000000_KEM_1988  |7 0  |8 P  |9 209416  |a BIBEDU  |b BIBEDU  |c BIBEDU_PB  |i 5254078  |l 2  |o 375 KEM 1988  |p 5254078  |r 2025-03-21  |s 2025-03-17  |w 2019-11-15  |y BK  |z Catalogado en:20151204  |k EPE 
952 |0 0  |1 0  |3 erb  |4 0  |6 375_000000000000000_KEM_1988  |7 0  |8 P  |9 209417  |a BIBEDU  |b BIBEDU  |c BIBEDU_PB  |i 5254086  |l 1  |o 375 KEM 1988  |p 5254086  |r 2024-01-25  |s 2023-08-31  |w 2019-11-15  |y BK  |z Catalogado en:20151204  |k EPE